000
00325nam a22001457a 4500
008
210429b ||||| |||| 00| 0 eng d
020
_a
9780872205123
041
_a
eng
080
_a
32
082
_a
32
100
_a
19
101
_a
SHP
245
_a
Classical Political Thought
_c
Peter J. Steinberger
942
_2
udc
_c
BK
999
_c
57002
_d
57002